Literatura sovietica posterior a Stalin (Registro nro. 18969)

Detalles MARC
000 -CABECERA
Longitud fija campo de control 00719nam a22002171 4500
001 - NÚMERO DE CONTROL
Número de control bimo0001463127
003 - IDENTIFICADOR DELl NÚMERO DE CONTROL
Identificador del número de control OSt
005 - FECHA Y HORA DE LA ÚLTIMA TRANSACCIÓN
Fecha y hora de la última transacción 20150225155336.0
008 - CÓDIGOS DE INFORMACIÓN DE LONGITUD FIJA
Códigos de información de longitud fija 990501s1968 sp spa
040 ## - FUENTE DE LA CATALOGACIÓN
Centro transcriptor BMC
082 ## - NÚMERO DE LA CLASIFICACIÓN DECIMAL DEWEY
Númeroo de clasificación 891.744809
100 1# - PUNTO DE ACCESO PRINCIPAL-NOMBRE DE PERSONA
Nombre de persona Ssachno, Helene von
9 (RLIN) 32102
245 10 - MENCIÓN DE TÍTULO
Título Literatura sovietica posterior a Stalin
Mención de responsabilidad, etc. Helen Von Ssachno ; [traducción, Luis Alberto Martín Baró]
260 ## - PUBLICACIÓN, DISTRIBUCIÓN, ETC. (PIE DE IMPRENTA)
Lugar de publicación, distribución, etc. Madrid
Nombre del editor, distribuidor, etc. Guadarrama
Fecha de publicación, distribución, etc. 1968
300 ## - DESCRIPCIÓN FÍSICA
Extensión 424 p., 1 h.
Dimensiones 18 cm
490 0# - MENCIÓN DE SERIE
Mención de serie Colección "Punto Omega"
Designación de volumen o secuencia 41
595 ## - NOTA DE EDICIÓN E HISTORIA BIBLIOGRÁFICA
Nota de edición e historia bibliográfica Traducción de: Der aufstand der person
650 24 - PUNTO DE ACCESO ADICIONAL DE MATERIA - TÉRMINO DE MATERIA
Término de materia o nombre geográfico como elemento inicial Literatura rusa
Subdivisión cronológica S.XX
Subdivisión de materia general Historia y crítica
9 (RLIN) 32101
700 1# - PUNTO DE ACCESO ADICIONAL - NOMBRE DE PERSONA
Nombre de persona Martín Baro, Luis Alberto
9 (RLIN) 32103
942 ## - ENTRADA DE ELEMENTOS AGREGADOS (KOHA)
Fuente de clasificaión o esquema Dewey Decimal Classification
Koha [por defecto] tipo de item 1- Monografias
Parte de clasificación ahoj
Existencias
Suprimido Perdido Fuente de clasificación o esquema Estropeado Restricciones de uso No para préstamo Código de colección Localización permanente Localización actual Localización en estanter&íacute;as Fecha adquisición Fuente de adquisición Número de inventario Préstamos totales Signatura completa Código de barras Fecha última consulta Fecha del precio de reemplazo Tipo de item de Koha
NULL NULL Dewey Decimal Classification NULL Prestable NULL NULL Biblioteca Miguel de Cervantes - UNICAES Biblioteca Miguel de Cervantes - UNICAES Sala Principal 06/10/2004 Donación - Mayorga Rivas 028730   891.74 SSA lit 1029140 03/03/2015 03/03/2015 1- Monografias